| 000 | 01645cam a22004094a 4500 | ||
|---|---|---|---|
| 001 | 4522588 | ||
| 003 | OSt | ||
| 005 | 20140310182656.0 | ||
| 008 | 990517s1999 nyu b 001 0 eng | ||
| 010 | _a 99034423 | ||
| 020 | _a0452281377 | ||
| 040 |
_aDLC _cDLC _dDLC |
||
| 042 | _apcc | ||
| 050 | 0 | 0 |
_aBF 431 _b.Ar7351999 |
| 082 | 0 | 0 |
_aM 153.9 _2 _bAr5 1999 |
| 100 | 1 | _aArmstrong, Thomas. | |
| 245 | 1 | 0 |
_a7 kinds of smart _bidentifying and developing your multiple intelligences _cArmstrong, Thomas |
| 246 | 3 | _aSeven kinds of smart | |
| 250 | _aRev. and updated with information on 2 new kinds of smart. | ||
| 260 |
_aNew York : _bPlume, _c1999. |
||
| 300 |
_a304 p. ; _c20 cm. |
||
| 504 | _aIncludes bibliographical references (p. 256-292) and index. | ||
| 521 | _ahigh school to college student | ||
| 526 | _c0L to 1700L | ||
| 541 | _j1 | ||
| 562 | _efor circulation. 1 copy available in the collection | ||
| 650 | 0 | _aAbility. | |
| 650 | 0 | _aIntellect. | |
| 650 | 0 | _aTypology (Psychology) | |
| 856 | 4 | 2 |
_3Contributor biographical information _uhttp://www.loc.gov/catdir/enhancements/fy1207/99034423-b.html |
| 856 | 4 | 2 |
_3Publisher description _uhttp://www.loc.gov/catdir/enhancements/fy1207/99034423-d.html |
| 856 | 4 | 1 |
_3Table of contents only _uhttp://www.loc.gov/catdir/enhancements/fy1207/99034423-t.html |
| 906 |
_a7 _bcbc _corignew _d1 _eocip _f19 _gy-gencatlg |
||
| 942 |
_2lcc _cBK _kM |
||
| 999 |
_c15110 _d15110 |
||